000 00894nas a2200301 4500
001 BR2013009726
003 BR-BrBNA
005 20231205123337.0
007 ta
008 230509b bl.|||p| |||| 00| 00por d
040 _aBR-BrBNA
_bpor
_cBiblioteca Nacional de Agricultura
041 _a(Pt)
072 _aL73
100 1 _aSilva, A.C. de
100 1 _aCavalcanti, G.D.N.
100 1 _aOliveira, I.H. de
100 1 _aSaukas, T.N.
100 1 _aGomes, A.V.
245 1 _aTratamento da bouba ou varíola aviária pelo ácido fênico
650 _aAVE
650 _aFRANGO DE CORTE
650 _aBOUBA AVIÁRIA
650 _aDOENÇA ANIMAL
650 _aVETERINÁRIA
773 0 _tAnais da Universidade Federal Rural de Pernambuco (Brazil)
_xISSN 0100-0292
_g(1977-1978), v. 2-3 p. 131-148
_wBR2013009726
909 _a202311
_bLúcia
_c55
_dLúcia Elande
942 _2AGRIS
_n0
_cANA
999 _c233432
_d233432